General Knowledge Science Quiz - Statistics

General Stats
  • This quiz has been taken 3,314 times
  • The average score is 12 of 16
Answer Stats
Hint Answer % Correct
What is the first element in the periodic table? Hydrogen
96%
What is the chemical formula for water? H2O
95%
Is graphite a lubricant- YES or NO? Yes
95%
Who is best known for devising this formula E = MC² ? Albert Einstein
93%
How many protons and electrons does Hydrogen have? 1
91%
What is the hardest substance on Earth? Diamond
91%
Who came up with the theory of evolution? Charles Darwin
78%
What is the scientific name for the skull? Cranium
69%
What is the process of hydrogen nuclei fusing together? Nuclear fusion
69%
What are the 3 types of rock? Igneous
68%
Sedimentary
63%
When a metal reacts with a carbonate, what gas is given off? Carbon Dioxide
58%
What type of alcohol is present in alcoholic drinks? Ethanol
56%
What antibiotic is made from penicillium? Penicillin
53%
Metamorphic
52%
What is Newtons first law? Inertia
33%
No matching quizzes found
Score Distribution
Percent of People with Each Score
Percentile by Number Answered
Your Score History
You have not taken this quiz